"I serve 2": meeting the needs of military children in civilian practice (Record no. 329480)
[ view plain ]
| 000 -LEADER | |
|---|---|
| fixed length control field | 00457nam a2200133Ia 4500 |
| 008 - FIXED-LENGTH DATA ELEMENTS--GENERAL INFORMATION | |
| fixed length control field | 170419s9999 xx 000 0 und d |
| 100 ## - MAIN ENTRY--PERSONAL NAME | |
| Personal name | Rossiter, Alicia Gill. |
| 245 ## - TITLE STATEMENT | |
| Title | "I serve 2": meeting the needs of military children in civilian practice |
| 245 ## - TITLE STATEMENT | |
| Statement of responsibility, etc | Alicia Gill Rossiter, Mary Anne Dumas, Margaret C. Wilmoth, Patricia A. Patrician. |
| 260 ## - PUBLICATION, DISTRIBUTION, ETC. (IMPRINT) | |
| Name of publisher, distributor, etc | Elsevier |
| 260 ## - PUBLICATION, DISTRIBUTION, ETC. (IMPRINT) | |
| Date of publication, distribution, etc | 2016 |
| 300 ## - PHYSICAL DESCRIPTION | |
| Extent | September/November |
| 440 ## - SERIES STATEMENT/ADDED ENTRY--TITLE | |
| Title | Nursing Outlook |
| Volume number/sequential designation | 64:5 |
| Withdrawn status | Lost status | Damaged status | Home library | Current library | Date acquired | Total Checkouts | Date last seen | Price effective from | Koha item type |
|---|---|---|---|---|---|---|---|---|---|
| College Library | College Library | 04/19/2017 | 04/19/2017 | 04/19/2017 | Periodicals |